000 00235nam a2200097Ia 4500
008 230915s9999 xx 000 0 und d
050 _aQA 303 .A33 1990
100 _aADAMS,ROBERT A.
245 0 _aSINGLE-VARIABLE CALCULUS
942 _cBK
999 _c187140
_d187140